| 000 | 00400nam a2200169Ia 4500 | ||
|---|---|---|---|
| 008 | 230524s9999 xx 000 0 und d | ||
| 082 |
_a331.714 _bVAR |
||
| 100 | _aR.L.Varshney | ||
| 245 | 0 | _aManagerial Economics | |
| 250 | _a9TH | ||
| 260 |
_aNEW DELHI _bS.Chand _c2005 |
||
| 300 | _aXX;684 | ||
| 500 | _aQuantity Number: 10 | ||
| 650 | _aEconomics | ||
| 700 | _a K.L.Maheswari | ||
| 942 | _cBK | ||
| 999 |
_c15806 _d15806 |
||